LEADER 01586nam a2200325 i 4500 001 000000355789 003 CaOOAMICUS 005 20231018095143.0 008 231018s2023 gw u000 u ger u 020 $a978-3-451-02332-3 040 $aSeMil$bita 041 $ager 245 00$aEwig wahr? :$bzur Genese und zum Anspruch von Glaubensüberzeugungen /$cherausgegeben von Gunda Werner, Saskia Wendel und Jessica Scheip. 264 1$aFreiburg ; Basel ; Wien :$bHerder,$c2023. 300 $a350 p. ;$c22 cm 490 1 $aQuaestiones disputatae ;$v332 500 $aNumero di appartenenza alla collana in occhietto erroneamente segnato 331 650 4$aTeologia femminista.$0(OLS)http://semarc/subject/7872 650 4$aFede e teologia.$0(OLS)http://semarc/subject/12767 650 4$aFede - Pretesa di assolutezza.$0(OLS)http://semarc/subject/54625 700 1 $aScheiper, Jessica,$d<1988- >.$0(OLS)http://semarc/name/118500 700 1 $aWerner, Gunda,$d<1971- >.$0(OLS)http://semarc/name/111882 700 1 $aWendel, Saskia,$d<1964- >.$0(OLS)http://semarc/name/44079 830 0$aQuaestiones disputatae ;$v332.$0(OLS)http://semarc/title/436628 850 $aSeMil 852 $aSeMil$W1$xVenegono$y1$m2TA J 332$j243950$B247011$CSeMilBibl$Z2$F247011 $81 996 $6020$a978-3-451-02332-3$9(OLS)http://semarc/number/299125 996 $6245$aEwig wahr? :$bzur Genese und zum Anspruch von Glaubensüberzeugungen$9(OLS)http://semarc/title/446015 996 $6264$aFreiburg ; Basel ; Wien :$bHerder$9(OLS)http://semarc/publisher/29643 LEADER 01120nam a2200265 i 4500 001 000000113655 003 CaOOAMICUS 005 20030331000000.0 008 030331s2001 it u000 u ita u 013 $a86341 020 $a88-315-2123-3 040 $aSeMil$bita 100 1 $aMonbourquette, Jean.$0(OLS)http://semarc/name/37017 245 12$aI lati nascosti della personalitą :$bcome riconoscerli e accettarli /$cJean Monbourquette. 260 $aMilano :$bPaoline,$c2001. 300 $a218 p. ;$c20 cm. 490 0 $aPsicologia e personalitą ;$v27 650 4$aPersonalitą - Psicologia.$0(OLS)http://semarc/subject/7208 830 0$aPsicologia e personalitą ;$v27.$0(OLS)http://semarc/title/9962 850 $aSeMil 852 $aSeMil$W1$xVenegono$y1$m2O II 490$j69322$B69322$CSeMilBibl$Z2$F74746 $81 961 $aRecupero: Seminario di Seveso 996 $6020$a88-315-2123-3$9(OLS)http://semarc/number/96705 996 $6245$aI lati nascosti della personalitą :$bcome riconoscerli e accettarli$9(OLS)http://semarc/title/165979 996 $6260$aMilano :$bPaoline$9(OLS)http://semarc/publisher/29684